000 00884nam a2200241 a 4500
001 000010619
005 20250204073951.0
008 091008s1991 dr 001 p spa d
040 _aDO-SdBNP
_bspa
_cBNPHU
082 _aRD861.44
_bP371L
245 0 3 _aEl pediatra en la literatura dominicana /
_cMariano Lebrón Saviñón ... [et al.].
260 _aSanto Domingo :
_bSociedad Dominicana de Pediatría,
_c1991.
300 _a109 p. ;
_c21 cm.
500 _a44 Aniversario de la Sociedad Dominicana de Pediatría
590 _aInventariado, 2018 / DG
650 0 _aPoesía dominicana
_966
650 0 _aLiteratura dominicana.
_967
700 1 2 _aLebrón Saviñon, Mariano
_d1922-2014
_97227
700 1 2 _aMedrano Marte, Rómulo,
_d1936-
_925705
700 1 2 _aCastillo Ariza, Marianela
_925706
700 1 2 _aCabrera Pérez, Julio
_925707
910 _aValidado. Control de calidad MFF
999 _c10377
_d10377